000 02510nam2a2200265 4500
001 RU\NLR\BIBL_A\012592067
005 20220121135027.0
010 _a978-5-7577-0632-0
_9100
021 _aRU
_bКН-П-21-028657
_9КН-П-21-2217
035 _a(NLR Aleph) 012592067
090 _a12555257
_c12555257
100 _a20210907d2020 k y0rusy50 ca
101 0 _arus
_deng
102 _aRU
105 _aa|||z|||001zy
200 0 _aВып. 4
_eтруды XXIII Международной объединенной научной конференции "Интернет и современное общество", IMS-2020, Санкт-Петербург,17-20 июня 2020 г.
_fМинистерство науки и высшего образования Российской Федерации, Университет ИТМО, Некоммерческое партнерство ПРИОР Северо-Запад
210 _d2020
215 _a122, [4] с.
_cил., табл.
320 _aБиблиогр. в конце ст.
461 0 _1001RU\NLR\BIBL_A\011796320
_12001#$aГосударство и граждане в электронной среде$eтруды XX Международной объединенной научной конференции "Интернет и современное общество", IMS-2017, Санкт-Петербург, 21-23 июня 2017 г.$eсборник научных статей$fМинистерство образования и науки Российской Федерации, Университет ИТМО$g[редколлегия: А.В. Чугунов (председатель, научный редактор) и др.]$vВып. 4
_911848779
_cСанкт-Петербург
_d2017
_fМинистерство образования и науки Российской Федерации, Университет ИТМО
_nУниверситет ИТМО
_oтруды XX Международной объединенной научной конференции "Интернет и современное общество", IMS-2017, Санкт-Петербург, 21-23 июня 2017 г. : сборник научных статей
_tГосударство и граждане в электронной среде
_vВып. 4
942 _cBOOK
980 _aNB